| 000 | 00543nam a2200217 454500 | ||
|---|---|---|---|
| 001 | 040193 | ||
| 003 | BD-ChCU | ||
| 008 | Eng | ||
| 020 | _a0070458847 | ||
| 040 |
_aDLC _cDLC _dBD-ChCU |
||
| 082 | 0 | 0 | _a537/P324i |
| 100 | 1 |
_aPaul, Clayton R. _bNasar, Syed A. |
|
| 245 | 1 | 0 |
_aIntroduction to electromahnetic fieldes _bx |
| 250 | _ax | ||
| 260 |
_aNew York ; London _bMcGraw-Hill _c1982 |
||
| 300 | _aix, 567 | ||
| 504 | _aIncludes | ||
| 650 | 0 |
_aElectromagentic fields _bElectromagentic fields |
|
| 700 | 1 | _ax | |
| 942 |
_2ddc _cBK |
||
| 999 |
_c40193 _d40193 |
||